ბათუმის შოთა რუსთაველის სახელმწიფო უნივერსიტეტის ბიბლიოთეკა

ქვეყანა,რომელიც მიყვარს (ბიბ.ჩანაწერი № 42833)

000 -LEADER
fixed length control field 00975nam a2200229Ia 4500
001 - CONTROL NUMBER
control field 9539
003 - CONTROL NUMBER IDENTIFIER
control field GE_BSU
008 - FIXED-LENGTH DATA ELEMENTS--GENERAL INFORMATION
fixed length control field 181216s||||||||xx |||||||||||||| ||und||
040 ## - CATALOGING SOURCE
Transcribing agency GE_BSU
080 ## - UNIVERSAL DECIMAL CLASSIFICATION NUMBER
Universal Decimal Classification number 908(479.22)+821.353.1-4
100 ## - MAIN ENTRY--PERSONAL NAME
Personal name მგალობლიშვილი,ვლადიმერ
245 ## - TITLE STATEMENT
Title ქვეყანა,რომელიც მიყვარს
245 ## - TITLE STATEMENT
Remainder of title რჩეული წერილები,ნარკვევები და ნოველა
245 ## - TITLE STATEMENT
Statement of responsibility, etc. რედ.ბ.ხარანაული.მხატვ.ვ.მდინარაძე
260 ## - PUBLICATION, DISTRIBUTION, ETC.
Place of publication, distribution, etc. თბილისი
260 ## - PUBLICATION, DISTRIBUTION, ETC.
Name of publisher, distributor, etc. საბჭოთა საქართველო
260 ## - PUBLICATION, DISTRIBUTION, ETC.
Date of publication, distribution, etc. 1969
300 ## - PHYSICAL DESCRIPTION
Extent 159გვ.20სმ.
653 ## - INDEX TERM--UNCONTROLLED
Uncontrolled term რჩეული წერილები,ნარკვევები და ნოველა
653 ## - INDEX TERM--UNCONTROLLED
Uncontrolled term ქვეყანა,რომელიც მიყვარს
942 ## - ADDED ENTRY ELEMENTS (KOHA)
Koha item type წიგნი
ეგზემპლარები
Withdrawn status Lost status Damaged status Not for loan Date acquired Barcode Date last seen Price effective from Koha item type Public note
        2018-12-17 32510 2018-12-17 2018-12-17 წიგნი  
        2018-12-17 41204 2018-12-17 2018-12-17 წიგნი აგრარული ტექ.ფაკ.
        2018-12-17 41203 2018-12-17 2018-12-17 წიგნი აგრარული ტექ.ფაკ.